Дифференциальные уравнения: ежемесячный математический журнал

Մատենագիտական մանրամասներ
Համատեղ հեղինակ: Российская академия наук (РАН)
Լեզու:ռուսերեն
Հրապարակվել է: М., Наука, 1976-2008
Խորագրեր:
Առցանց հասանելիություն:http://www.maik.ru/ru/journal/deqrus/
https://elibrary.ru/title_about.asp?id=9677
Ձևաչափ: MixedMaterials Էլեկտրոնային Պարբերական
KOHA link:https://koha.lib.tpu.ru/cgi-bin/koha/opac-detail.pl?biblionumber=380427

MARC

LEADER 00000nas1a2200000 4500
001 380427
005 20231101062653.0
011 |a 0374-0641 
035 |a (RuTPU)RU\TPU\prd\1460 
035 |a RU\TPU\prd\153 
090 |a 380427 
100 |a 20020215a19659999k y0rusy50 ca 
101 0 |a rus 
102 |a RU 
110 |a afaz|||0uu0 
200 1 |a Дифференциальные уравнения  |e ежемесячный математический журнал  |f Российская академия наук (РАН) 
210 |a М.  |c Наука  |d 1976-2008 
305 |a Издается с 1965 г. 
326 |a 12 номеров в год 
469 |0 (RuTPU)RU\TPU\subscr\27 
610 1 |a математика 
610 1 |a высшая математика 
610 1 |a дифференциальные уравнения 
610 1 |a численные методы 
675 |a 517.9 
712 0 2 |a Российская академия наук (РАН)  |2 stltpush  |3 (RuTPU)RU\TPU\col\51 
801 0 |a RU  |b 63413507  |c 20011210  |g PSBO 
801 2 |a RU  |b 63413507  |c 20180118  |g PSBO 
856 4 |u http://www.maik.ru/ru/journal/deqrus/ 
856 4 |u https://elibrary.ru/title_about.asp?id=9677 
942 |c CR 
969 |0 001RU\TPU\subscr\27